| 000 | 00821nam a2200277 i 4500 | ||
|---|---|---|---|
| 001 | 77033 | ||
| 003 | ES-MaACL | ||
| 005 | 20230906173053.0 | ||
| 007 | t| | ||
| 008 | 041006s1984 sp ||||1| spa d | ||
| 020 | _a84-376-0442-7 | ||
| 080 | _a72(8=134)(091) | ||
| 080 | _a711(8=134)(091) | ||
| 100 | 1 |
_aGutiérrez, Ramón. _961073 |
|
| 245 | 1 | 0 |
_aArquitectura y urbanismo en Iberoamérica / _cRamón Gutiérrez. |
| 260 |
_aMadrid : _bCátedra, _c1984. |
||
| 300 |
_a776 p. : _bil. ; _c21 cm. |
||
| 490 | 1 | _aManuales arte Cátedra | |
| 500 | _aÍndice. | ||
| 504 | _aBibliografía: p. 715-747. | ||
| 650 | 4 |
_aArquitectura- _zAmérica Latina. _9164782 |
|
| 650 |
_aUrbanismo- _zAmérica Latina. _917694 |
||
| 830 | 1 |
_aManuales arte Cátedra _9179258 |
|
| 852 | 4 |
_aES-MaACL _jL-9119 |
|
| 999 |
_c77033 _d77033 |
||